Statistics for Oceanian Countries by Area-In Order

Click here to take the quiz!

General Stats

  • This quiz has been taken 78 times
  • The average score is 13 of 14

Answer Stats

AreaCountry% Correct
7,692,024Australia
100%
270,467New Zealand
100%
462,840Papua New Guinea
100%
28,896Solomon Islands
99%
18,272Fiji
97%
747Tonga
94%
12,189Vanuatu
94%
811Kiribati
93%
21Nauru
93%
2,842Samoa
93%
702F.S. Micronesia
92%
26Tuvalu
92%
181Marshall Islands
90%
459Palau
90%

Score Distribution

Percentile by Number Answered

Percent of People with Each Score

Your Score History

You have not taken this quiz